كتاب الطواسين / (Record no. 26288)
[ view plain ]
| 000 -الفاتح | |
|---|---|
| حقل البيانات ثابتة الطول | 01579nam a22002655a 4500 |
| 003 - محدد رقم الضبط | |
| رقم الضبط | OSt |
| 005 - وقت وتاريخ اخر تعامل مع التسجيلة | |
| رقم الضبط | 20201124141950.0 |
| 008 - عناصر البيانات ثابتة الطول - معلومات عامة | |
| حقل البيانات ثابتة الطول | 180313s1913 fr frb 000 0 ara d |
| 040 ## - مصدر الفهرسة | |
| وكالة الفهرسة الأصلية | EG-ScBUE |
| لغة الفهرسة | ara |
| وكالة النسخ | EG-ScBUE |
| 041 0# - رمز اللغة | |
| رمز لغة النص/ المسارات الصوتية أو العنوان الانفرادي | ara |
| -- | per |
| -- | fre |
| 082 04 - رقم تصنيف ديوى العشرى | |
| رقم التصنيف | 297.4 |
| رقم المادة | ح ل ا |
| رقم الطبعة | 22 |
| 100 1# - المدخل الرئيسى - إسم شخصى | |
| الإسم الشخصى | حلاج، الحسين بن منصور، |
| التواريخ المصاحبة للاسم | 858 أو 859 - 922. |
| 245 10 - بيان العنوان | |
| العنوان | كتاب الطواسين / |
| بيان المسئوليه,etc | لأبي المغيث الحسين بن منصور الحلاج البيضاوي البغدادي ؛ مع النسخة الفارسية للبقلي ؛ تقديم ونقد لويس ماسينيون. |
| 246 30 - العنوان الموازى | |
| عنوان صحيح/عنوان مختصر | طواسين |
| 260 ## - PUBLICATION, DISTRIBUTION, ETC. (IMPRINT) | |
| مكان الناشر او الموزع | باريس : |
| اسم الناشر او الموزع | مكتبة بول جوتيز، |
| تاريخ النشر أو التوزيع | 1913. |
| 300 ## - الوصف المادى | |
| التعداد | 220 ص. : |
| تفاصيل ماديه اخرى للوعاء | إيض. ؛ |
| أبعاد الوعاء | 24 سم. |
| 500 ## - تبصرة عامة | |
| تبصرة عامة | بقلم أبو المغيث الحسين بن منار الجلاج البداوي البغدادي. النص العربي المنشور لأول مرة ، وفقا لمخطوطات اسطنبول ولندن. مع النسخة الفارسية من البقلى ، تحليل تعليقه الفارسي ، مقدمة نقدية ، ملاحظات ، ملاحظات وثلاثة مؤشرات ، من قبل لويس ماسينيون. "صفحة العنوان" |
| 504 ## - تبصرة ببليوجرافية | |
| تبصرة ببليوجرافية,الخ | يشتمل على إرجاعات ببليوجرافية. |
| 546 ## - تبصرة اللغة | |
| تبصرة اللغة | النص باللغة العربية والفارسية والفرنسية. |
| 650 #7 - المدخل الاضافى بالموضوع-مصطلح موضوعى | |
| مصطلح موضوعي أو اسم جغرافي كعنصر مدخل | التصوف الإسلامي. |
| مصدر الرأس أو المصطلح | BUEsh |
| 651 ## - المدخل الاضافى بالموضوع - اسم جغرافى | |
| مصدر الرأس أو المصطلح | BUEsh |
| 653 ## - مصطلح تكشيفى غير مقيد | |
| Resource For college | Generalities |
| Arrived date list | March2018 |
| 700 1# - المدخل الاضافى - اسم شخصى | |
| الإسم الشخصى | بقلي، روزبهان بن النصر، |
| التواريخ المصاحبة للاسم | 1209 أو 1210 -. |
| 942 ## - عناصر المدخل الإضافي( كوها) | |
| مصدر التصنيف او مخطط الترفيف | Dewey Decimal Classification |
| حالة التراجع | حالة الفقد | مصدر التصنيف او خطة الترفيف | حالة تلف | ليس للاعارة | مجموعات كوها | المكان الدائم | المكان الحالي | موقع الترفيف | تاريخ الاكتساب | رقم الاستدعاء | الباركود | Date last seen | نوع الوعاء |
|---|---|---|---|---|---|---|---|---|---|---|---|---|---|
| Dewey Decimal Classification | Alef-Baa | Central Library | Central Library | Lower Floor | 13/03/2018 | 297.4 ح ل ا | 000046474 | 15/07/2025 | Book - Borrowing |